| 000 | 01448nam a22002897a 4500 | ||
|---|---|---|---|
| 005 | 20240227161322.0 | ||
| 008 | 231005b |||||||| |||| 00| 0 eng d | ||
| 020 | _a9788408083801 | ||
| 037 | _3Donación | ||
| 040 |
_aCO-JMCR _cCO-JMCR _dCO-JMCR _erda |
||
| 041 | _aspa | ||
| 082 |
_aJ-N _bCLAc |
||
| 100 |
_aClare, Cassandra _eautor _942629 |
||
| 245 |
_aCiudad de hueso / _cCassandra Clare; traduccion de Gemma Gallart |
||
| 246 |
_aThe mortal instruments: _bcity of bones |
||
| 250 | _aDecima edición | ||
| 260 |
_aBogotá: _bPlaneta, _c2007 |
||
| 300 |
_a505 páginas; _c21 cm. |
||
| 490 | _aCazadores de sombras | ||
| 500 | _aincluye datos biográficos del autor | ||
| 520 | _aUna historia oscura de amor y demonios, que entusiasmará a las seguidoras de Stephenie Meyer y L.J.Smith. En el Pandemónium, la discoteca de moda de Nueva York, Clary sigue a un atractivo chico de pelo azul hasta que presencia su muerte a manos de tres jóvenes cubiertos de extraños tatuajes. Desde esa noche, su destino se une al de esos tres cazadores de sombras, guerreros dedicados a liberar a la tierra de demonios y, sobre todo, al de Jace, un chico con aspecto de ángel y tendencia a actuar como un idiota... | ||
| 650 |
_2JMCR _aNovela ficción _xJuvenil _943486 |
||
| 650 |
_2JMCR _aGuerreros _xLiteratura _943487 |
||
| 650 |
_2JMCR _aCazadores _xLiteratura _943488 |
||
| 700 |
_aGallart, Gemma _etraductor _942449 |
||
| 942 |
_2ddc _cBK |
||
| 999 |
_c30271 _d16655 |
||